| 000 | 00416nam a2200133 4500 | ||
|---|---|---|---|
| 005 | 20260107160416.0 | ||
| 020 | _a9781460292921 | ||
| 100 | _aBURGENER, John E | ||
| 245 | _aMusings of a 98 years old scientist | ||
| 260 |
_aCanada _bFriesen press _c2020 |
||
| 300 | _a194 | ||
| 650 |
_aBiography _aAutobiography _ascience and technology _aBullying _aWorking mothers _aChild labour _aSmoking _aDrugs and alcohol |
||
| 942 | _cBK | ||
| 999 |
_c75787 _d75787 |
||